| 000 | 00535nam a2200193 a 4500 | ||
|---|---|---|---|
| 001 | 3078 | ||
| 003 | CDMR | ||
| 005 | 20131218105331.0 | ||
| 008 | 130130s1996||||||||||||||||||||||||||||d | ||
| 024 |
_2DL _a253/66 |
||
| 040 |
_aCDMR _bcat _cCDMR |
||
| 100 | 1 |
_aRodríguez Lebrato, Jaime _92150 |
|
| 245 | 1 | 0 |
_aPeriodismo de trinchera _cJaime R. Lebrato |
| 260 |
_aLeón _c1996 _bEverest |
||
| 300 | _a191 p. | ||
| 490 |
_aBiblioteca Cuestiones Actuales _v3 |
||
| 600 | 1 |
_92150 _aRodríguez Lebrato, Jaime _xRecull d'escrits |
|
| 942 |
_cMON _2udc |
||
| 999 |
_c3078 _d3078 |
||